[Event "Dubrovnik CC"]
[Site "Dubrovnik"]
[Date "2024.03.23"]
[Round "7"]
[White "Peric, Slavisa"]
[Black "Carevic, Maro"]
[Result "1-0"]
[WhiteElo "1910"]
[BlackElo "1758"]
[PlyCount "89"]
[EventDate "2024.03.16"]
[EventType "tourn"]
[EventRounds "7"]
[EventCountry "CRO"]
[SourceTitle "CB13_2024"]
[SourceDate "2024.03.27"]
[SourceVersion "1"]
[SourceVersionDate "2024.03.27"]
[SourceQuality "1"]

1. e4 e6 2. d4 d5 3. e5 c5 4. c3 Nc6 5. Nf3 Nge7 6. Bd3 cxd4 7. cxd4 Qb6 8. 0-0 Bd7 9. Bc2 h6 10. Nc3 Rc8 11. Bb1 Na5 12. Bd3 a6 13. Re1 Qd8 14. Nd2 Qb6 15. Nf3 Nc4 16. b3 Nxe5 17. Nxe5 Rxc3 18. Bb2 Rc7 19. Qf3 f6 20. Qh5+ Kd8 21. Nf7+ Kc8 22. Nxh8 Kb8 23. Qd1 f5 24. Nf7 Nc6 25. Bf1 Be8 26. Ne5 Bb4 27. Re3 Nxe5 28. Rxe5 Re7 29. h4 g5 30. Bc1 Bc3 31. Rb1 Bxd4 32. Be3 Bxe3 33. Rxe3 gxh4 34. Rc1 d4 35. Rh3 Bc6 36. Rxh4 Rg7 37. g3 Be4 38. Bg2 d3 39. Kf1 Qb5 40. Bxe4 d2+ 41. Rc4 fxe4 42. Rhxe4 Qf5 43. Kg2 Rg5 44. Qxd2 Rh5 45. Qf4+ 1-0

[Event "Dubrovnik CC"]
[Site "Dubrovnik"]
[Date "2024.03.23"]
[Round "6"]
[White "Turdyev, Anvar"]
[Black "Peric, Slavisa"]
[Result "1-0"]
[WhiteElo "2387"]
[BlackElo "1910"]
[PlyCount "45"]
[EventDate "2024.03.16"]
[EventType "tourn"]
[EventRounds "7"]
[EventCountry "CRO"]
[SourceTitle "CB13_2024"]
[SourceDate "2024.03.27"]
[SourceVersion "1"]
[SourceVersionDate "2024.03.27"]
[SourceQuality "1"]

1. Nf3 Nf6 2. c4 g6 3. Nc3 Bg7 4. e4 d6 5. d4 0-0 6. Be2 e5 7. 0-0 Nc6 8. dxe5 dxe5 9. Bg5 Qxd1 10. Rfxd1 h6 11. Be3 Bg4 12. h3 Bxf3 13. Bxf3 Rfd8 14. Nd5 Ne8 15. b4 a5 16. b5 Nd4 17. Rac1 c6 18. Bxd4 exd4 19. bxc6 bxc6 20. Ne7+ Kf8 21. Nxc6 Rd7 22. e5 Rc8 23. Bg4 1-0

[Event "Dubrovnik CC"]
[Site "Dubrovnik"]
[Date "2024.03.17"]
[Round "3"]
[White "Glisovic, Zan"]
[Black "Peric, Slavisa"]
[Result "1-0"]
[WhiteElo "1969"]
[BlackElo "1910"]
[PlyCount "73"]
[EventDate "2024.03.16"]
[EventType "tourn"]
[EventRounds "7"]
[EventCountry "CRO"]
[SourceTitle "CB13_2024"]
[SourceDate "2024.03.27"]
[SourceVersion "1"]
[SourceVersionDate "2024.03.27"]
[SourceQuality "1"]

1. e4 c6 2. d4 d5 3. Nc3 dxe4 4. Nxe4 Nf6 5. Nxf6+ exf6 6. Nf3 Bd6 7. Be2 0-0 8. 0-0 Re8 9. h3 Nd7 10. c4 Nf8 11. Bd3 Ng6 12. Qc2 Qc7 13. Bd2 a5 14. Rfe1 Bd7 15. Bf5 Bxf5 16. Qxf5 c5 17. b3 cxd4 18. Nxd4 Be5 19. Nb5 Qc8 20. Qxc8 Raxc8 21. Rad1 a4 22. Bb4 axb3 23. axb3 Red8 24. g3 Bb8 25. Ba5 Rxd1 26. Rxd1 h5 27. Rd7 f5 28. Rxb7 f4 29. Bc7 Bxc7 30. Rxc7 Rd8 31. Na7 Rd3 32. b4 fxg3 33. b5 gxf2+ 34. Kxf2 Rxh3 35. b6 Rb3 36. b7 Kh7 37. Nb5 1-0

[Event "Palmanova op 12th"]
[Site "Palmanova"]
[Date "2023.12.10"]
[Round "4"]
[White "Peric, Slavisa"]
[Black "Marzatico, Luca"]
[Result "1/2-1/2"]
[WhiteElo "1993"]
[BlackElo "1986"]
[PlyCount "92"]
[EventDate "2023.12.08"]
[EventType "swiss"]
[EventRounds "5"]
[EventCountry "ITA"]
[SourceTitle "CB50_2023"]
[SourceDate "2023.12.13"]
[SourceVersion "1"]
[SourceVersionDate "2023.12.13"]
[SourceQuality "1"]

1. d4 Nf6 2. Nf3 e6 3. c4 d5 4. Nc3 dxc4 5. e3 a6 6. a4 b6 7. Bxc4 Bb7 8. 0-0 Bb4 9. Qe2 0-0 10. Rd1 Qe7 11. Bd2 c5 12. dxc5 Bxc5 13. e4 Ng4 14. Be1 Nc6 15. Na2 Rfc8 16. Rac1 Nce5 17. Nxe5 Nxe5 18. b4 Bd6 19. f3 Nxc4 20. Rxc4 Rxc4 21. Qxc4 b5 22. Qb3 Qc7 23. g3 Be7 24. Bf2 Rd8 25. axb5 axb5 26. Rd3 h6 27. Kg2 Rxd3 28. Qxd3 Qc6 29. Bd4 Qc4 30. Qxc4 bxc4 31. Kf2 f5 32. exf5 exf5 33. Ke3 Kf7 34. f4 g5 35. Be5 Bd8 36. Nc3 Ke6 37. Bg7 gxf4+ 38. gxf4 Bb6+ 39. Bd4 Bc7 40. Na4 Kd5 41. Nc3+ Ke6 42. Bc5 h5 43. Ne2 Kd5 44. Nc3+ Ke6 45. b5 Ba5 46. Bd4 Bxc3 1/2-1/2

[Event "Palmanova op 12th"]
[Site "Palmanova"]
[Date "2023.12.09"]
[Round "2"]
[White "Serea, Gabriele"]
[Black "Peric, Slavisa"]
[Result "0-1"]
[WhiteElo "1831"]
[BlackElo "1993"]
[PlyCount "82"]
[EventDate "2023.12.08"]
[EventType "swiss"]
[EventRounds "5"]
[EventCountry "ITA"]
[SourceTitle "CB50_2023"]
[SourceDate "2023.12.13"]
[SourceVersion "1"]
[SourceVersionDate "2023.12.13"]
[SourceQuality "1"]

1. e4 e6 2. Qe2 c5 3. Nf3 Nc6 4. g3 d6 5. Bg2 g6 6. 0-0 Bg7 7. c3 Nge7 8. d3 h6 9. Be3 e5 10. a3 a5 11. a4 0-0 12. Qd2 Kh7 13. Na3 f5 14. Nc2 Bd7 15. Rfd1 Qe8 16. Nfe1 Qf7 17. f4 Rad8 18. Nf3 b6 19. Rf1 Qg8 20. Na3 d5 21. Nxe5 Nxe5 22. fxe5 dxe4 23. Nc4 Nd5 24. Bf2 Be6 25. b3 Nc7 26. d4 Bxc4 27. bxc4 Qxc4 28. Rfb1 cxd4 29. cxd4 Bxe5 30. Rxb6 Bxd4 31. Bxd4 Qxd4+ 32. Qxd4 Rxd4 33. Rb7 Rc4 34. Bf1 Rc5 35. Rd1 Rf7 36. Rd8 Kg7 37. Rbb8 Ne6 38. Rg8+ Kf6 39. Rb5 Rd7 40. Rf8+ Ke7 41. Ra8 Rc1 0-1

[Event "EU-ch 23rd"]
[Site "Vrnjacka Banja"]
[Date "2023.03.13"]
[Round "11"]
[White "Peric, Slavisa"]
[Black "Bashylina, Luisa"]
[Result "1/2-1/2"]
[WhiteElo "1980"]
[BlackElo "2127"]
[PlyCount "85"]
[EventDate "2023.03.03"]
[EventType "swiss"]
[EventRounds "11"]
[EventCountry "SRB"]
[SourceTitle "CBM 213"]
[Source "ChessBase"]
[SourceDate "2023.04.30"]
[SourceVersion "1"]
[SourceVersionDate "2023.04.30"]
[SourceQuality "1"]

1. d4 Nf6 2. Nf3 g6 3. c4 Bg7 4. Nc3 d5 5. h3 0-0 6. cxd5 Nxd5 7. e4 Nxc3 8. bxc3 c5 9. Be2 Nc6 10. Be3 f5 11. Qb3+ Kh8 12. dxc5 Be6 13. Qa3 fxe4 14. Nd2 Ne5 15. 0-0 Bf5 16. Bd4 Nd3 17. Bxd3 exd3 18. Qb4 e5 19. Be3 Qd5 20. f3 Rac8 21. g4 Be6 22. Ne4 h5 23. c4 Qc6 24. Qb5 Bd5 25. Qxc6 Bxc6 26. Rad1 hxg4 27. hxg4 Rcd8 28. Kg2 Rd7 29. Rh1+ Kg8 30. Rh3 a6 31. Rd2 Rxf3 32. Kxf3 Rf7+ 33. Kg3 Bxe4 34. Rf2 Rd7 35. Rhh2 Bf8 36. Rf6 Kg7 37. Re6 Bxc5 38. Bxc5 d2 39. Rxd2 Rxd2 40. Rxe5 Bc6 41. g5 Rd7 42. Be7 Rd3+ 43. Kf2 1/2-1/2

[Event "EU-ch 23rd"]
[Site "Vrnjacka Banja"]
[Date "2023.03.12"]
[Round "10"]
[White "Noy, Eyal"]
[Black "Peric, Slavisa"]
[Result "1-0"]
[WhiteElo "2161"]
[BlackElo "1980"]
[PlyCount "91"]
[EventDate "2023.03.03"]
[EventType "swiss"]
[EventRounds "11"]
[EventCountry "SRB"]
[SourceTitle "CBM 213"]
[Source "ChessBase"]
[SourceDate "2023.04.30"]
[SourceVersion "1"]
[SourceVersionDate "2023.04.30"]
[SourceQuality "1"]

1. d4 e6 2. c4 Bb4+ 3. Bd2 Bxd2+ 4. Qxd2 d5 5. Nc3 Nf6 6. e3 c6 7. Bd3 0-0 8. cxd5 exd5 9. Nge2 Re8 10. 0-0 Nbd7 11. Ng3 Nf8 12. f3 g6 13. Rac1 h5 14. Nge2 Ne6 15. e4 dxe4 16. fxe4 Nxd4 17. Qf4 Nxe2+ 18. Bxe2 Qd4+ 19. Rf2 Re6 20. Rd1 Qb4 21. a3 Qf8 22. Bc4 Ng4 23. Bxe6 Bxe6 24. Rfd2 Qc5+ 25. Kh1 g5 26. Qf3 Kg7 27. h3 Rh8 28. Na4 Qe5 29. Qc3 Qxc3 30. Nxc3 Ne5 31. Rd8 Rh6 32. Ra8 g4 33. hxg4 hxg4+ 34. Kg1 g3 35. Rdd8 f6 36. Rxa7 Ng4 37. Rxb7+ Kg6 38. Ne2 Bc4 39. Nxg3 Kg5 40. Rg7+ Kf4 41. Rxg4+ Kxg4 42. Nf5 Rh5 43. Ne3+ Kf4 44. Nxc4 Kxe4 45. Nd2+ Kf4 46. Rd6 1-0

[Event "EU-ch 23rd"]
[Site "Vrnjacka Banja"]
[Date "2023.03.09"]
[Round "7"]
[White "Taspinar, Yanki"]
[Black "Peric, Slavisa"]
[Result "1-0"]
[WhiteElo "2262"]
[BlackElo "1980"]
[PlyCount "60"]
[EventDate "2023.03.03"]
[EventType "swiss"]
[EventRounds "11"]
[EventCountry "SRB"]
[SourceTitle "CBM 213"]
[Source "ChessBase"]
[SourceDate "2023.04.30"]
[SourceVersion "1"]
[SourceVersionDate "2023.04.30"]
[SourceQuality "1"]

1. d4 e6 2. c4 Bb4+ 3. Bd2 Bxd2+ 4. Qxd2 d5 5. Nc3 Nf6 6. e3 c6 7. Bd3 Nbd7 8. cxd5 exd5 9. Nge2 Qe7 10. 0-0 0-0 11. Ng3 g6 12. Rfe1 Qd6 13. Rad1 h5 14. f3 Kg7 15. Bb1 h4 16. Nf1 Nh5 17. Qf2 g5 18. e4 Nf4 19. e5 Qh6 20. Ne3 Nb6 21. Bf5 Be6 22. Qc2 Nd7 23. Kf2 Kh8 24. Ng4 Qg7 25. Ne2 Ng6 26. Bxg6 fxg6 27. h3 Rf7 28. Qd2 Rf5 29. Kg1 Qe7 30. Qc1 Kg7 1-0

[Event "EU-ch 23rd"]
[Site "Vrnjacka Banja"]
[Date "2023.03.07"]
[Round "5"]
[White "Krasteva, Beloslava"]
[Black "Peric, Slavisa"]
[Result "0-1"]
[WhiteElo "2292"]
[BlackElo "1980"]
[PlyCount "118"]
[EventDate "2023.03.03"]
[EventType "swiss"]
[EventRounds "11"]
[EventCountry "SRB"]
[SourceTitle "CBM 213"]
[Source "ChessBase"]
[SourceDate "2023.04.30"]
[SourceVersion "1"]
[SourceVersionDate "2023.04.30"]
[SourceQuality "1"]

1. d4 e6 2. c4 Bb4+ 3. Nc3 Nf6 4. f3 d5 5. a3 Bxc3+ 6. bxc3 0-0 7. cxd5 exd5 8. e3 b6 9. Bd3 Ba6 10. Bxa6 Nxa6 11. Qd3 Nb8 12. Ne2 Re8 13. 0-0 c5 14. Ng3 Nc6 15. Bb2 Rc8 16. Rae1 Qc7 17. e4 cxd4 18. cxd4 Na5 19. e5 Nd7 20. Qf5 Nf8 21. Qg4 Qc2 22. Nf5 Ne6 23. Rf2 Qd3 24. Nd6 Nc4 25. Nxe8 Rxe8 26. f4 Nxb2 27. Rxb2 Qxd4+ 28. Rf2 Nc5 29. Kf1 Ne4 30. Rc2 Nd2+ 31. Rxd2 Qxd2 32. f5 Qd3+ 33. Kg1 f6 34. e6 g6 35. Qa4 Re7 36. Qb4 Re8 37. Qa4 Re7 38. Qb4 Re8 39. fxg6 hxg6 40. Qf4 Qc3 41. Re2 Kg7 42. h4 Qc4 43. Qf3 Re7 44. h5 gxh5 45. Qxh5 Qd4+ 46. Kf1 Qf4+ 47. Kg1 d4 48. Qd5 Qc1+ 49. Kh2 Qc5 50. Qe4 Qd6+ 51. Kg1 Qc5 52. Qg4+ Kf8 53. Qh4 d3+ 54. Kh1 Kg7 55. Qg4+ Kh8 56. Qh3+ Rh7 57. e7 Rxh3+ 58. gxh3 Qc6+ 59. Rg2 Qe8 0-1

[Event "EU-ch 23rd"]
[Site "Vrnjacka Banja"]
[Date "2023.03.05"]
[Round "3"]
[White "Irizanin, Radoje"]
[Black "Peric, Slavisa"]
[Result "0-1"]
[WhiteElo "2288"]
[BlackElo "1980"]
[PlyCount "110"]
[EventDate "2023.03.03"]
[EventType "swiss"]
[EventRounds "11"]
[EventCountry "SRB"]
[SourceTitle "CBM 213"]
[Source "ChessBase"]
[SourceDate "2023.04.30"]
[SourceVersion "1"]
[SourceVersionDate "2023.04.30"]
[SourceQuality "1"]

1. d4 e6 2. Bf4 d5 3. e3 Nf6 4. Nd2 c5 5. c3 Bd6 6. Bg3 0-0 7. Ngf3 b6 8. Ne5 Bb7 9. Bd3 Nc6 10. f4 Ne7 11. Bh4 Nf5 12. Bxf5 exf5 13. Bxf6 Qxf6 14. Nd7 Qe7 15. Nxf8 Bxf4 16. 0-0 Qxe3+ 17. Kh1 Rxf8 18. Qf3 g5 19. Qxe3 Bxe3 20. Nf3 f6 21. Rad1 f4 22. g3 Kf7 23. Kg2 c4 24. Rde1 Kg8 25. Ng1 Bc8 26. h4 Bg4 27. gxf4 gxf4 28. Nh3 Bxh3+ 29. Kxh3 h5 30. Re2 Kf7 31. Rg2 Re8 32. Re2 Rg8 33. Rg2 Re8 34. Rc2 Rg8 35. b3 b5 36. bxc4 bxc4 37. Rb2 Ke6 38. Rg2 Rb8 39. Rg7 Rb2 40. Rg2 Rb7 41. Re2 Kd6 42. Rh1 a5 43. Rhh2 Rg7 44. Reg2 Re7 45. Rb2 Ke6 46. Rhg2 Kf5 47. Rb6 Ke4 48. Rxf6 Kd3 49. Rg5 Kxc3 50. Rxd5 Kd3 51. Rxa5 c3 52. Rc6 Bxd4 53. Rxh5 f3 54. Rf5 f2 55. Rf4 Re1 0-1

[Event "EU-ch 23rd"]
[Site "Vrnjacka Banja"]
[Date "2023.03.04"]
[Round "2"]
[White "Peric, Slavisa"]
[Black "Omorjan, Dejan"]
[Result "0-1"]
[WhiteElo "1980"]
[BlackElo "2286"]
[PlyCount "78"]
[EventDate "2023.03.03"]
[EventType "swiss"]
[EventRounds "11"]
[EventCountry "SRB"]
[SourceTitle "CBM 213"]
[Source "ChessBase"]
[SourceDate "2023.04.30"]
[SourceVersion "1"]
[SourceVersionDate "2023.04.30"]
[SourceQuality "1"]

1. d4 Nf6 2. Nf3 g6 3. c4 Bg7 4. e3 0-0 5. Be2 c5 6. d5 e6 7. Nc3 exd5 8. cxd5 d6 9. 0-0 Re8 10. Nd2 Na6 11. e4 Nc7 12. a4 b6 13. Re1 h5 14. h3 Rb8 15. Bb5 Bd7 16. Nc4 a6 17. Bxd7 Qxd7 18. Bf4 Bf8 19. Qf3 b5 20. axb5 axb5 21. Nxd6 Bxd6 22. e5 b4 23. exd6 Rxe1+ 24. Rxe1 Nce8 25. Nd1 Nxd6 26. Ne3 Re8 27. Rc1 Nfe4 28. Qd1 Nf5 29. Nxf5 Qxf5 30. Be3 Rd8 31. Qc2 Qxd5 32. f3 Ng3 33. h4 Re8 34. Qxc5 Qd8 35. Bg5 f6 36. Qc4+ Kh8 37. Qf7 fxg5 38. Rc7 Qd4+ 39. Kh2 Qxh4+ 0-1

[Event "Seville op 47th"]
[Site "Seville"]
[Date "2022.07.17"]
[Round "2"]
[White "Peric, Slavisa"]
[Black "Buscara, Sevan"]
[Result "0-1"]
[WhiteElo "2043"]
[BlackElo "2404"]
[PlyCount "72"]
[EventDate "2022.07.16"]
[EventType "swiss"]
[EventRounds "9"]
[EventCountry "ESP"]
[SourceTitle "CBM 209 Extra"]
[Source "ChessBase"]
[SourceDate "2022.09.30"]
[SourceVersion "1"]
[SourceVersionDate "2022.09.30"]
[SourceQuality "1"]

1. d4 d5 2. Nf3 Nf6 3. c4 c6 4. Nbd2 Bf5 5. Nh4 Bd7 6. Qb3 e6 7. Nhf3 c5 8. e3 Nc6 9. cxd5 exd5 10. dxc5 Bxc5 11. Be2 0-0 12. 0-0 Re8 13. Qc2 Bb6 14. Nb3 Rc8 15. Qd1 Qe7 16. a3 Qe4 17. Bd3 Qg4 18. Bd2 Ne4 19. Be1 Qg6 20. Kh1 Rcd8 21. Nbd4 Qh6 22. Nxc6 bxc6 23. Rg1 Bg4 24. Be2 d4 25. exd4 Bc7 26. g3 Qh5 27. Rg2 Ng5 28. Nxg5 Bxe2 29. Qd2 h6 30. f3 Bc4 31. Ne4 Qxf3 32. Nc3 Bf1 33. Qf2 Bxg2+ 34. Qxg2 Qxg2+ 35. Kxg2 Rxd4 36. Bf2 Rd2 0-1

[Event "Salon de Provence op 12th"]
[Site "Salon de Provence"]
[Date "2022.07.14"]
[Round "8"]
[White "Peric, Slavisa"]
[Black "Chaumet, Etienne"]
[Result "1-0"]
[WhiteElo "2043"]
[BlackElo "1809"]
[PlyCount "127"]
[EventDate "2022.07.09"]
[EventType "swiss"]
[EventRounds "9"]
[EventCountry "FRA"]
[SourceTitle "CBM 209 Extra"]
[Source "ChessBase"]
[SourceDate "2022.09.30"]
[SourceVersion "1"]
[SourceVersionDate "2022.09.30"]
[SourceQuality "1"]

1. d4 Nf6 2. Nf3 e6 3. c4 Bb4+ 4. Nbd2 d5 5. e3 0-0 6. Bd3 b6 7. 0-0 Bb7 8. cxd5 exd5 9. Ne5 Nbd7 10. Ndf3 Bd6 11. Bf5 Re8 12. Nxd7 Nxd7 13. Bd2 Nf6 14. Qc2 Ne4 15. Bc3 g6 16. Bh3 f5 17. g3 Qe7 18. Rfd1 Nxc3 19. bxc3 b5 20. a4 a6 21. axb5 axb5 22. Nd2 Bc6 23. Bf1 Bd7 24. Bd3 h5 25. Nf3 c6 26. Kg2 Kg7 27. h4 Reb8 28. Ra2 Qd8 29. Rda1 Qc8 30. Ng1 Qe8 31. Ne2 Bc7 32. Qb1 Rxa2 33. Qxa2 Bb6 34. Qa3 Rb7 35. Qb2 Rb8 36. Nc1 Kf7 37. Nb3 Ra8 38. Ra3 Qf8 39. Ra2 Qb8 40. Nc1 Ra7 41. Ne2 Qa8 42. Rxa7 Qxa7 43. f3 Qa4 44. Bc2 Qa8 45. e4 fxe4 46. fxe4 dxe4 47. Bxe4 Bc7 48. Qxb5 Qe8 49. Qd3 Qe6 50. Ng1 Kg7 51. c4 Bb6 52. c5 Ba7 53. Bf3 Bb8 54. Qe4 Qa2+ 55. Qe2 Qf7 56. Qb2 Qe8 57. d5+ Be5 58. Qb7 Kg8 59. dxc6 Bf5 60. Bd5+ Kh8 61. Nf3 Qd8 62. Qb3 Bc7 63. Ng5 Qc8 64. Qc3+ 1-0

[Event "Salon de Provence op 12th"]
[Site "Salon de Provence"]
[Date "2022.07.13"]
[Round "7"]
[White "Mounier, Victor"]
[Black "Peric, Slavisa"]
[Result "1/2-1/2"]
[WhiteElo "1888"]
[BlackElo "2043"]
[PlyCount "117"]
[EventDate "2022.07.09"]
[EventType "swiss"]
[EventRounds "9"]
[EventCountry "FRA"]
[SourceTitle "CBM 209 Extra"]
[Source "ChessBase"]
[SourceDate "2022.09.30"]
[SourceVersion "1"]
[SourceVersionDate "2022.09.30"]
[SourceQuality "1"]

1. d4 e6 2. c4 Bb4+ 3. Nc3 Nf6 4. e3 0-0 5. Nge2 b6 6. a3 Bxc3+ 7. Nxc3 Bb7 8. Bd3 d5 9. cxd5 exd5 10. 0-0 Ba6 11. Bxa6 Nxa6 12. b4 c6 13. b5 cxb5 14. Nxb5 Nc7 15. a4 a6 16. Nc3 Qd7 17. Ba3 Rfb8 18. Qb3 b5 19. a5 Rc8 20. Rac1 Ne6 21. Nb1 Ne4 22. Qb4 f5 23. f3 Nf6 24. Nd2 f4 25. Qb3 Rxc1 26. Rxc1 Rc8 27. Rxc8+ Qxc8 28. Qd3 Qc7 29. Bb4 fxe3 30. Qxe3 Kf7 31. Nb3 Qc4 32. Bc5 Nd7 33. Bd6 Qc6 34. Bg3 Qc2 35. h4 Qc6 36. Kh2 Qc4 37. Kh3 h6 38. Kh2 g5 39. hxg5 hxg5 40. Bd6 b4 41. Kg1 Nf6 42. g3 Qc3 43. Qxc3 bxc3 44. Kf1 g4 45. fxg4 Nxg4 46. Ke2 Nf6 47. Kd3 Ne4 48. Be5 Kg6 49. Nc1 Nd8 50. Ne2 Nc6 51. Nf4+ Kf5 52. Nxd5 Nxe5+ 53. dxe5 Kxe5 54. Nc7 Nxg3 55. Nxa6 Kd6 56. Kxc3 Kc6 57. Kc4 Ne4 58. Nb4+ Kb7 59. Kd5 1/2-1/2

[Event "Salon de Provence op 12th"]
[Site "Salon de Provence"]
[Date "2022.07.12"]
[Round "6"]
[White "Peric, Slavisa"]
[Black "Busson, Benoist"]
[Result "1-0"]
[WhiteElo "2043"]
[BlackElo "1871"]
[PlyCount "89"]
[EventDate "2022.07.09"]
[EventType "swiss"]
[EventRounds "9"]
[EventCountry "FRA"]
[SourceTitle "CBM 209 Extra"]
[Source "ChessBase"]
[SourceDate "2022.09.30"]
[SourceVersion "1"]
[SourceVersionDate "2022.09.30"]
[SourceQuality "1"]

1. d4 Nf6 2. Nf3 c5 3. d5 d6 4. Nc3 e5 5. e4 Be7 6. Bb5+ Nbd7 7. a4 a6 8. Be2 Nf8 9. 0-0 Ng6 10. Ne1 Nd7 11. g3 0-0 12. h4 Bf6 13. Ng2 Re8 14. Bg4 Rb8 15. Qe2 Ndf8 16. a5 h6 17. Ne3 Nh7 18. Bf5 Ne7 19. Qf3 Bxf5 20. exf5 Qd7 21. Ne4 Nc8 22. Kg2 Bd8 23. Rh1 f6 24. Bd2 Qf7 25. g4 Kf8 26. c4 Be7 27. b4 Rd8 28. Rab1 Ke8 29. Rb3 b5 30. axb6 Rxb6 31. Rhb1 cxb4 32. Bxb4 Rd7 33. Ba5 Rxb3 34. Rxb3 Bd8 35. Rb8 Bxa5 36. Rxc8+ Bd8 37. c5 dxc5 38. Qd1 Kf8 39. Nxc5 Qe7 40. Nxd7+ Qxd7 41. Qc2 Kg8 42. Qc6 Qe7 43. Qe6+ Kf8 44. d6 Qe8 45. Nd5 1-0

[Event "Avoine op 35th"]
[Site "Avoine"]
[Date "2021.07.??"]
[Round "5.5"]
[White "Peric, Slavisa"]
[Black "Dutreuil, Raphael"]
[Result "0-1"]
[WhiteElo "2081"]
[BlackElo "2309"]
[PlyCount "76"]
[EventDate "2021.07.18"]
[EventType "swiss"]
[EventRounds "9"]
[EventCountry "FRA"]
[SourceTitle "EXT 2023"]
[Source "ChessBase"]
[SourceDate "2022.10.05"]
[SourceVersion "1"]
[SourceVersionDate "2022.10.05"]
[SourceQuality "1"]

1. d4 Nf6 2. Nf3 g6 3. c4 Bg7 4. Nbd2 d5 5. e3 0-0 6. b4 c6 7. a4 Ne4 8. Bb2 Bf5 9. Qb3 e6 10. h3 g5 11. Bd3 Nd7 12. Qc2 a5 13. b5 Ndf6 14. bxc6 bxc6 15. c5 Rb8 16. Rb1 Qc7 17. g4 Bg6 18. Ne5 Nxd2 19. Qxd2 Bxd3 20. Nxd3 Rb3 21. Qc2 Rfb8 22. Nc1 R3b7 23. Nd3 Ne4 24. 0-0 Rb3 25. Nc1 R3b4 26. Nd3 Rc4 27. Qd1 Rb7 28. Kg2 Bf6 29. Ba1 Rxb1 30. Qxb1 Rxa4 31. Qb6 Bd8 32. Rb1 Qxb6 33. cxb6 Bxb6 34. Rxb6 Rxa1 35. Rxc6 Ra2 36. Rb6 Rd2 37. Rb3 Kg7 38. Kf1 Rxf2+ 0-1

[Event "Noisiel op 5th"]
[Site "Noisiel"]
[Date "2020.02.17"]
[Round "4"]
[White "Peric, Slavisa"]
[Black "Roebers, Jan"]
[Result "1-0"]
[WhiteElo "2081"]
[BlackElo "2188"]
[PlyCount "109"]
[EventDate "2020.02.15"]
[EventType "swiss"]
[EventRounds "9"]
[EventCountry "FRA"]
[SourceTitle "CBM 195 Extra"]
[Source "ChessBase"]
[SourceDate "2020.05.31"]
[SourceVersion "1"]
[SourceVersionDate "2020.05.31"]
[SourceQuality "1"]

1. d4 Nf6 2. Nf3 g6 3. c4 Bg7 4. Nc3 0-0 5. Bg5 d6 6. Qd2 Nbd7 7. Rd1 c5 8. d5 b5 9. cxb5 a6 10. e4 Qa5 11. a4 axb5 12. Bxb5 Ba6 13. 0-0 Bxb5 14. axb5 Rfe8 15. Rfe1 Ng4 16. Qe2 h6 17. Bc1 Qb4 18. Nd2 Nge5 19. f4 Qd4+ 20. Kf1 Nd3 21. Nf3 Nxc1 22. Nxd4 Nxe2 23. Ndxe2 Nb6 24. Ra1 Nc4 25. Ra6 Nxb2 26. Rea1 Rab8 27. g3 Nd3 28. R1a4 Nb4 29. Ra7 Nc2 30. R4a6 Nb4 31. Ra4 h5 32. Rd7 Nc2 33. Raa7 Nd4 34. Rdb7 Nxe2 35. Nxe2 c4 36. b6 Bb2 37. Rxb8 Rxb8 38. b7 Kg7 39. Ke1 e6 40. Kd1 exd5 41. exd5 h4 42. g4 g5 43. fxg5 Be5 44. h3 Kg6 45. Kd2 Kxg5 46. Ke3 f5 47. gxf5 Kxf5 48. Nd4+ Bxd4+ 49. Kxd4 Kf4 50. Kxc4 Ke4 51. Kb5 Kxd5 52. Kb6 Ke4 53. Ra8 Rxb7+ 54. Kxb7 d5 55. Rh8 1-0

[Event "Sautron op 19th"]
[Site "Sautron"]
[Date "2019.10.19"]
[Round "4.13"]
[White "Hogan, Nawzad"]
[Black "Peric, Slavisa"]
[Result "1/2-1/2"]
[WhiteElo "1846"]
[BlackElo "2086"]
[PlyCount "86"]
[EventDate "2019.12.10"]
[EventType "swiss"]
[EventRounds "9"]
[EventCountry "FRA"]
[SourceTitle "EXT 2022"]
[Source "ChessBase"]
[SourceDate "2021.10.06"]
[SourceVersion "1"]
[SourceVersionDate "2021.10.06"]
[SourceQuality "1"]

1. Nf3 e6 2. c4 Nf6 3. Nc3 c5 4. g3 b6 5. Bg2 Bb7 6. 0-0 d6 7. d3 Nbd7 8. e4 Be7 9. Qe2 0-0 10. d4 cxd4 11. Nxd4 a6 12. b3 Qc7 13. Bb2 Rac8 14. f4 g6 15. Kh1 Rfe8 16. Rad1 e5 17. Nf3 exf4 18. gxf4 Nh5 19. Qd2 Nc5 20. Rfe1 Bf6 21. Nd4 Bg7 22. Nd5 Qd8 23. Qf2 Bxd5 24. cxd5 Qf6 25. f5 Nd7 26. Rd2 Qg5 27. Bf3 Bh6 28. Rdd1 Nf4 29. Qg3 Ne5 30. Qxg5 Bxg5 31. Rg1 Bh4 32. fxg6 fxg6 33. Bg4 Nxg4 34. Rxg4 Nh3 35. Rf1 Nf2+ 36. Rxf2 Bxf2 37. Nf5 Rc2 38. Bf6 Rc1+ 39. Kg2 Rg1+ 40. Kxf2 Rxg4 41. Nh6+ Kf8 42. Nxg4 Rxe4 43. Kf3 Re1 1/2-1/2

[Event "Sautron op 19th"]
[Site "Sautron"]
[Date "2019.10.19"]
[Round "9.12"]
[White "Peric, Slavisa"]
[Black "Le Gallo, Frederic"]
[Result "1-0"]
[WhiteElo "2086"]
[BlackElo "1930"]
[PlyCount "61"]
[EventDate "2019.12.10"]
[EventType "swiss"]
[EventRounds "9"]
[EventCountry "FRA"]
[SourceTitle "EXT 2022"]
[Source "ChessBase"]
[SourceDate "2021.10.06"]
[SourceVersion "1"]
[SourceVersionDate "2021.10.06"]
[SourceQuality "1"]

1. d4 d5 2. Nf3 e6 3. c4 c5 4. cxd5 exd5 5. Nc3 Nf6 6. g3 Nc6 7. Bg2 Be6 8. 0-0 cxd4 9. Nxd4 Bc5 10. Nb3 Bb6 11. Bg5 0-0 12. Rb1 Bf5 13. Nxd5 Bxb1 14. Qxb1 Qd6 15. Bxf6 gxf6 16. Qf5 Kg7 17. Qg4+ Kh8 18. Be4 Ne5 19. Qf5 Ng6 20. Nxf6 Qe6 21. Qxe6 fxe6 22. Nd7 Rf7 23. Nxb6 axb6 24. a3 Ne5 25. Rc1 Rd8 26. h3 b5 27. Rc5 Nc4 28. Rxb5 Rd1+ 29. Kg2 Re1 30. Bf3 Rd7 31. g4 1-0

[Event "Lignano Sabbiadoro op 5th"]
[Site "Lignano Sabbiadoro"]
[Date "2019.08.01"]
[Round "7"]
[White "Herega, Nejc"]
[Black "Peric, Slavisa"]
[Result "1-0"]
[WhiteElo "1939"]
[BlackElo "2097"]
[PlyCount "93"]
[EventDate "2019.07.27"]
[EventType "swiss"]
[EventRounds "9"]
[EventCountry "ITA"]
[SourceTitle "CBM 191 Extra"]
[Source "ChessBase"]
[SourceDate "2019.09.30"]
[SourceVersion "1"]
[SourceVersionDate "2019.09.30"]
[SourceQuality "1"]

1. d4 e6 2. c4 Nf6 3. Nc3 Bb4 4. e3 c5 5. Bd3 d5 6. a3 Nc6 7. cxd5 exd5 8. Nge2 0-0 9. 0-0 Bxc3 10. bxc3 b6 11. Ng3 g6 12. f3 h5 13. Re1 a5 14. Bb2 cxd4 15. cxd4 h4 16. Nf1 Ba6 17. Bc2 Bxf1 18. Rxf1 b5 19. e4 Nh5 20. f4 Ne7 21. f5 dxe4 22. Bxe4 Ra6 23. fxg6 fxg6 24. Qb3+ Kh7 25. Rxf8 Qxf8 26. Qxb5 Qh6 27. Qxa6 Qe3+ 28. Kf1 Qxe4 29. Qe2 Qf5+ 30. Kg1 Nd5 31. Qe5 Nhf4 32. Qxf5 gxf5 33. Rd1 Ne3 34. Rd2 Nc4 35. Rc2 Ne3 36. Rc7+ Kg6 37. Bc1 Nexg2 38. Kf2 h3 39. Bxf4 Nxf4 40. Ra7 Kg5 41. Rxa5 Kg4 42. d5 Nd3+ 43. Ke2 Nf4+ 44. Kf1 Kg5 45. d6 Kf6 46. d7 Ne6 47. Ra6 1-0